| 000 | 00435cam a22001573a 4500 | ||
|---|---|---|---|
| 005 | 20250901165345.0 | ||
| 008 | 960524t19961995nyu 000 1 eng d | ||
| 010 | _a 2003586736 | ||
| 020 | _a0671001167 | ||
| 050 | 0 | 0 | _aPS356.A319 .M36 1996 |
| 100 | 1 | _aMcMurtry, Larry. | |
| 245 | 1 | 0 |
_aDead man's walk : _ba novel / _cby Larry McMurtry. |
| 260 |
_aNew York : _bPocket Books, _c1996, c1995. |
||
| 300 |
_a518 p. ; _c18 cm. |
||
| 942 | _2ddc | ||
| 999 |
_c2682 _d2682 |
||